Movies Quiz

Random Movies or Musical Quiz

Bollywood Movies by Musical Scene Quiz Stats

 Plays Quiz Updated Sep 13, 2018

Score 0/15 Timer 05:00
4 Plays Today
% Correct
Goliyon Ki Raasleela Ram-Leela (2013) - 'Lahu Munh Lag Gaya'
74.4%
Lagaan: Once Upon a Time in India (2001) - 'Ghanan Ghanan'
73.9%
Singham (2011) - 'Singham'
73.4%
Bajirao Mastani (2015) - 'Malhari'
72.9%
Befikre (2016) - 'Nashe Si Chadh Gayi'
66.1%
Prem Ratan Dhan Payo (2015) - 'Prem Ratan Dhan Payo'
64.3%
Dhoom/Blast (2004) - 'Dhoom Machale'
62.6%
Dil Se.. (1998) - 'Chaiyya Chaiyya'
62.1%
% Correct
R... Rajkumar (2013) - 'Saree Ke Fall Sa'
59.7%
Don (1978) - 'Khaike Paan Banaraswala'
56.6%
Hum Dil De Chuke Sanam (1999) - 'Nimbooda'
55.2%
Tezaab (1988) - 'Ek Do Teen'
47.7%
Mughal-E-Azam (1960) - 'Pyar Kiya To Darna Kya'
46.2%
Amar, Akbar and Anthony (1977) - 'Parda Hai Parda'
44.2%
Beta (1992) - 'Dhak Dhak Karne Laga'
43.7%

You're not logged in!

Compare scores with friends on all Sporcle quizzes.
OR
Log In

Sporcle TV

Today on Sporcle TV


Watch our educational content, quiz creation guides, and fun videos on Sporcle TV.

Show Comments

Extras

Top Quizzes Today


Score Distribution

Your Account Isn't Verified!

In order to create a playlist on Sporcle, you need to verify the email address you used during registration. Go to your Sporcle Settings to finish the process.

Report this User

Report this user for behavior that violates our Community Guidelines.

Details: